|
|
|
|
| LEADER |
00000nam0a2200000 4500 |
| 001 |
346037 |
| 005 |
20231102005837.0 |
| 010 |
|
|
|a 9785972905218
|
| 035 |
|
|
|a (RuTPU)RU\TPU\book\377893
|
| 090 |
|
|
|a 346037
|
| 100 |
|
|
|a 20210519d2021 k y0rusy50 ca
|
| 101 |
0 |
|
|a rus
|
| 102 |
|
|
|a RU
|
| 105 |
|
|
|a a z 001zy
|
| 200 |
1 |
|
|a Безопасность и долговечность трубопроводных конструкций
|e монография
|f Л. В. Муравьева
|
| 210 |
|
|
|a Москва
|a Вологда
|c Инфра-Инженерия
|d 2021
|
| 215 |
|
|
|a 264 с.
|c ил.
|
| 320 |
|
|
|a Библиография в конце глав
|
| 330 |
|
|
|a Приведены подходы к обеспечению безопасности магистральных газопроводов. Рассмотрены вопросы определения резерва прочности и характеристики безопасности участка трубопроводной конструкции. Затрагиваются вопросы построения и верификации пространственной модели поврежденного участка трубопровода, даны математические модели исследования безопасности. Для научных работников, студентов, а также специалистов, занимающихся вопросами безопасности магистральных трубопроводов.
|
| 606 |
1 |
|
|a Трубопроводы магистральные
|x Надежность
|2 stltpush
|3 (RuTPU)RU\TPU\subj\61797
|9 78960
|
| 610 |
1 |
|
|a магистральные газопроводы
|
| 610 |
1 |
|
|a эксплуатационная надежность
|
| 610 |
1 |
|
|a повреждения
|
| 610 |
1 |
|
|a линейные участки
|
| 610 |
1 |
|
|a деформирование
|
| 610 |
1 |
|
|a конструктивная надежность
|
| 610 |
1 |
|
|a показатели
|
| 610 |
1 |
|
|a расчетная оценка
|
| 610 |
1 |
|
|a безопасность
|
| 610 |
1 |
|
|a нормативная база
|
| 610 |
1 |
|
|a подземные трубопроводы
|
| 610 |
1 |
|
|a сейсмические нагрузки
|
| 610 |
1 |
|
|a расчет
|
| 610 |
1 |
|
|a аварии
|
| 610 |
1 |
|
|a последствия
|
| 610 |
1 |
|
|a усталостная долговечность
|
| 610 |
1 |
|
|a монографии
|
| 675 |
|
|
|a 622.692.4-192
|v 4
|
| 700 |
|
1 |
|a Муравьева
|b Л. В.
|g Людмила Викторовна
|
| 801 |
|
1 |
|a RU
|b 63413507
|c 20210519
|
| 801 |
|
2 |
|a RU
|b 63413507
|c 20220204
|g RCR
|
| 942 |
|
|
|c BK
|
| 959 |
|
|
|a 5/20210519
|d 1
|e 1770,00
|f ЧЗТЛ:1
|